000 00239nam a22001097a 4500
082 _a684.08 HJO'M
100 _aHJORTH, HERMAN
_915768
245 _aMACHINE WOODWORKING
260 _aMILEAUKEE
_bBRUCE
_c1947
300 _a371P
942 _cBK
999 _c568353
_d568353